| 000 | 00851nam a22002057a 4500 | ||
|---|---|---|---|
| 999 |
_c18382 _d18382 |
||
| 003 | AR-CdUCM | ||
| 008 | 190513b ||||| |||| 00| 0 spa d | ||
| 040 |
_aMUNICIPALIDAD PROVINCIAL DEL CUSCO _cBIBLIOTECA MUNICIPAL DEL CUSCO |
||
| 082 |
_a951.03 / _bP52 |
||
| 100 |
_aPiao, Lin _938932 |
||
| 245 | _aLa revolución cultural China / | ||
| 260 |
_aMéxico, D.F : _bGrijalbo, _c1975. |
||
| 300 |
_a149 páginas ; _c19 cm. |
||
| 440 |
_aColección 70 ; _n144 _938933 |
||
| 505 | _aContenido: Carta a los miembros del comité permanente de la comisión militar del comité central del partido -- Carta sobre el estudio y aplicación de manera viva de las obras del presidente Mao en el frente industrial y de comunicaciones ... | ||
| 650 |
_aComunismo en China _938934 |
||
| 650 |
_aCongresos _92448 |
||
| 942 |
_2ddc _cLIBROS |
||
| 945 |
_aacv _d2019-05-13 |
||